Southville International School and Colleges
Your cart is empty.
  • Cart
  • Lists
    Public lists Eva Luna New books Lux_list list_1
    Your lists Log in to create your own lists
  • Log in to your account
  • Your cookies
  • Search history
Southville International School and Colleges
  • Advanced search
  • Recent comments
  • Most popular
  • Libraries

Log in to your account

Log in with GOOGLE


If you do not have an external account, but do have a local account, you can still log in:

  1. Home
  2. MARC view: Essential management accounting :
Normal view MARC view ISBD view

Essential management accounting : (Record no. 2108)

[ view plain ]
MARC details
000 -LEADER
fixed length control field 00640nam a22002057a 4500
003 - CONTROL NUMBER IDENTIFIER
control field OSt
005 - DATE AND TIME OF LATEST TRANSACTION
control field 20140310181724.0
008 - FIXED-LENGTH DATA ELEMENTS--GENERAL INFORMATION
fixed length control field 130307t xxu||||| |||| 00| 0 eng d
020 ## - INTERNATIONAL STANDARD BOOK NUMBER
International Standard Book Number 9780749450670
050 ## - LIBRARY OF CONGRESS CALL NUMBER
Classification number HF 5635
Item number .St816 2008
082 ## - DEWEY DECIMAL CLASSIFICATION NUMBER
Classification number IB 658.1511
Item number St3 2008
100 ## - MAIN ENTRY--PERSONAL NAME
Personal name Steffan, Belinda.
245 ## - TITLE STATEMENT
Title Essential management accounting :
Remainder of title how to maximise profit and boost financial performance /
Statement of responsibility, etc Belinda Steffan.
260 ## - PUBLICATION, DISTRIBUTION, ETC. (IMPRINT)
Place of publication, distribution, etc London :
Name of publisher, distributor, etc Kogan Page Ltd. ,
Date of publication, distribution, etc c2008.
300 ## - PHYSICAL DESCRIPTION
Dimensions 23 cm.
Extent 218 p. :
Other physical details ill. ;
650 ## - SUBJECT ADDED ENTRY--TOPICAL TERM
Topical term or geographic name as entry element Managerial accounting.
650 ## - SUBJECT ADDED ENTRY--TOPICAL TERM
Topical term or geographic name as entry element Management accounting.
942 ## - ADDED ENTRY ELEMENTS (KOHA)
Source of classification or shelving scheme Library of Congress Classification
Koha item type Books
Holdings
Withdrawn status Lost status Source of classification or shelving scheme Damaged status Home library Current library Shelving location Date acquired Total Checkouts Full call number Barcode Date last seen Copy number Price effective from Koha item type
    Library of Congress Classification   Luxembourg Library Luxembourg Library International Baccalaureate Section 03/07/2013   HF 5635 .St816 2008 15815 08/13/2013 1 10/03/2013 Books

Essential management accounting :

APA

Steffan B., . (2008). Essential management accounting. London: Kogan Page Ltd.

Chicago

Steffan Belinda, . 2008. Essential management accounting. London: Kogan Page Ltd.

Harvard

Steffan B., . (2008). Essential management accounting. London: Kogan Page Ltd.

MLA

Steffan Belinda, . Essential management accounting. London: Kogan Page Ltd. 2008.

  • Place hold
  • Print
  • Cite
  • Add to your cart (remove)
  • Save record
    BIBTEX Dublin Core MARCXML MARC (non-Unicode/MARC-8) MARC (Unicode/UTF-8) MARC (Unicode/UTF-8, Standard) MODS (XML) RIS
  • More searches
    Search for this title in:
    Other Libraries (WorldCat) Other Databases (Google Scholar) Online Stores (Bookfinder.com) Open Library (openlibrary.org)

Exporting to Dublin Core...

SOUTHVILLE LIBRARY

Southville International School and Colleges Library

1281 Tropical Ave. Cor. Luxembourg St., BF Homes International, Las Pinas City

Tel. No. 8256374 / 252358 Loc. 117/146

Powered by Koha